000 01156nam a22002297a 4500
999 _c3481
_d3481
005 20240129093139.0
008 240129b ||||| |||| 00| 0 eng d
020 _a9781684121625
040 _cKH8
082 _a823.92 MAT
100 _aMatthews, Andrew,
_d1948-
_eAuthor
245 _aThe Shakespeare stories:
_bMuch ado about nothing ; the taming of the shrew ; Macbeth ; Romeo and Juliet
260 _aSan Diego, California,
_bSilver Dolphin,
_c2017
300 _a 255 pages :
_b illustrations ;
_c20 cm
520 _aDiscover the literary world of Shakespeare with these fantastic kid-friendly retellings of his most famous works. From the murderous adventures of Macbeth to the tragic love story of Romeo and Juliet, these stories come alive with illustrations throughout that capture the humor and drama from the original stories. This set is a perfect introduction to Shakespeare for young readers!
521 _a6 & up
650 _aShakespeare, William,
_y1564-1616
650 _aAdaptations Juvenile fiction
650 _aAdaptations Romans,
_vnouvelles, etc. pour la jeunesse
700 _aTony Ross
_eIllustrator
942 _2ddc
_cFIC